Text book of Pharmaceutical Organic Chemistry - I (Record no. 11079)

MARC details
000 -LEADER
fixed length control field 00416nam a22001577a 4500
003 - CONTROL NUMBER IDENTIFIER
control field OSt
008 - FIXED-LENGTH DATA ELEMENTS--GENERAL INFORMATION
fixed length control field 220208b ||||| |||| 00| 0 eng d
082 ## - DEWEY DECIMAL CLASSIFICATION NUMBER
Classification number 547 BHT
100 ## - MAIN ENTRY--PERSONAL NAME
Personal name BHAT,Iswar K
245 ## - TITLE STATEMENT
Title Text book of Pharmaceutical Organic Chemistry - I
250 ## - EDITION STATEMENT
Edition statement 1st
260 ## - PUBLICATION, DISTRIBUTION, ETC. (IMPRINT)
Place of publication, distribution, etc New Delhi
Name of publisher, distributor, etc Poging Publication
Date of publication, distribution, etc 2020
300 ## - PHYSICAL DESCRIPTION
Extent pg232
650 ## - SUBJECT ADDED ENTRY--TOPICAL TERM
Topical term or geographic name as entry element Pharmaceutical Inorganic chemistry
942 ## - ADDED ENTRY ELEMENTS (KOHA)
Source of classification or shelving scheme Dewey Decimal Classification
Koha item type Text Books
942 ## - ADDED ENTRY ELEMENTS (KOHA)
-- 37
Holdings
Withdrawn status Lost status Source of classification or shelving scheme Damaged status Not for loan Collection code Home library Current library Date acquired Source of acquisition Currency Cost, normal purchase price Bill Number Total Checkouts Full call number Acc. no. / Barcode Date last seen Date last borrowed Actual Cost, discounted price Bill Date Koha item type
    Dewey Decimal Classification     B.Pharma PIET C-LIBRARY PIET C-LIBRARY 25/01/2022 Kirti Prakashan Indian Rup 445.00 IN3337 8 547 BHT BP1754 24/01/2024 01/01/2024 320.40 25/01/2022 Reference Books
    Dewey Decimal Classification     B.Pharma PIET C-LIBRARY PIET C-LIBRARY 25/01/2022 Kirti Prakashan Indian Rup 445.00 IN3337 9 547 BHT BP1755 03/10/2023 19/09/2023 320.40 25/01/2022 Text Books
    Dewey Decimal Classification     B.Pharma PIET C-LIBRARY PIET C-LIBRARY 25/01/2022 Kirti Prakashan Indian Rup 445.00 IN3337 7 547 BHT BP1756 23/01/2024 04/01/2024 320.40 25/01/2022 Text Books
    Dewey Decimal Classification     B.Pharma PIET C-LIBRARY PIET C-LIBRARY 25/01/2022 Kirti Prakashan Indian Rup 445.00 IN3337 10 547 BHT BP1757 01/12/2023 30/11/2023 320.40 25/01/2022 Text Books
    Dewey Decimal Classification     B.Pharma PIET C-LIBRARY PIET C-LIBRARY 25/01/2022 Kirti Prakashan Indian Rup 445.00 IN3337 12 547 BHT BP1758 27/01/2024 25/01/2024 320.40 25/01/2022 Text Books

Design & Developed by: PIET Central Library
R70 Miles Stone Pattikalyana Samalkha Panipat 132102
mail ID :- [email protected], Phone No:- 0180-2569700 Ex.216